000
00321nam a2200133Ia 4500
008
240624s9999 xx 000 0 und d
041
_a
eng
082
_a
332.63 STO
100
_a
STOWE JOHN D
245
_a
EQUITY ASSET VALUATION
260
_c
2007
_a
John Wiley and Sons,Inc.,2007
300
_a
336 : p.
365
_c
_b
30
999
_c
10764
_d
10764